| 000 | 00428nam a2200157 4500 | ||
|---|---|---|---|
| 003 | CO-ViMGA | ||
| 020 | _a9788426136947 | ||
| 040 |
_aCO-ViMGA _bspa _cCO-ViMGA |
||
| 082 | 0 | 4 |
_aI843.91 _bB43n |
| 100 | 1 |
_aBie, Linne _9233 |
|
| 245 | 1 | 0 |
_aEl pequeño Edu no se aburre nunca / _cLinne Bie |
| 260 |
_aBarcelona : _bJuventud, _c2008 |
||
| 300 | _a[12] p. : il. ; 16 cm | ||
| 650 | 1 | 4 |
_aCuentos infantiles belgas _9234 |
| 942 |
_2ddc _cBK |
||
| 999 |
_c33666 _d33666 |
||